000
00255nam a2200097Ia 4500
001
714931
005
20250826162915.0
008
250824s9999 xx 000 0 und d
245
0
_a
KIŞ İKİNDİSİNİN EVİNDE
_c
KÜRŞAT BAŞAR
260
_b
EVEREST YAYINLARI
999
_c
714931
_d
714931